Exceptional Learners an Introduction to Special Education (Record no. 49031)
[ view plain ]
| 000 -LEADER | |
|---|---|
| fixed length control field | 00335nam a22001337a 4500 |
| 008 - FIXED-LENGTH DATA ELEMENTS--GENERAL INFORMATION | |
| fixed length control field | 181008b xxu||||| |||| 00| 0 eng d |
| 020 ## - INTERNATIONAL STANDARD BOOK NUMBER | |
| International Standard Book Number | 9780205444212 |
| 041 ## - LANGUAGE CODE | |
| Language code of text/sound track or separate title | eng |
| 080 ## - UNIVERSAL DECIMAL CLASSIFICATION NUMBER | |
| Edition identifier | 10th |
| Universal Decimal Classification number | 371 |
| 100 ## - Rafti | |
| Rafti | 25 |
| 101 ## - Shkurtesa | |
| Shkurtesa | EDU |
| 245 ## - TITLE STATEMENT | |
| Title | Exceptional Learners an Introduction to Special Education |
| Statement of responsibility, etc | Hallahan,D.P |
| 942 ## - ADDED ENTRY ELEMENTS (KOHA) | |
| Source of classification or shelving scheme | |
| Item type | Books |
| Withdrawn status | Lost status | Source of classification or shelving scheme | Damaged status | Not for loan | Collection code | Permanent location | Current location | Shelving location | Date acquired | Total Checkouts | Full call number | Barcode | Date last seen | Price effective from | Koha item type |
|---|---|---|---|---|---|---|---|---|---|---|---|---|---|---|---|
| Koleksioni i përgjithshem | UBT - Lipjan | UBT - Lipjan | Koleksioni i përgjithshem | 10/08/2018 | 371 HAL | 002-3013930 | 10/08/2018 | 10/08/2018 | Books | ||||||
| Koleksioni i përgjithshem | UBT - Lipjan | UBT - Lipjan | Koleksioni i përgjithshem | 03/02/2021 | 37 HAL | 002-6000353 | 03/02/2021 | 03/02/2021 | Books | ||||||
| Koleksioni i përgjithshem | UBT - Lipjan | UBT - Lipjan | Koleksioni i përgjithshem | 03/05/2021 | 371 HAL | 002-7000846 | 03/05/2021 | 03/05/2021 | Books |